Financial and Managerial Accounting: Information for Desicions (Record no. 3688)

MARC details
005 - DATE AND TIME OF LATEST TRANSACTION
control field 20250613083547.0
020 ## - INTERNATIONAL STANDARD BOOK NUMBER
International Standard Book Number 978-0-07-304973-5
082 ## - DEWEY DECIMAL CLASSIFICATION NUMBER
Classification number 657 WIL
100 ## - MAIN ENTRY--PERSONAL NAME
Author name WILD.J.J.
245 ## - TITLE STATEMENT
Title Financial and Managerial Accounting: Information for Desicions
260 ## - PUBLICATION, DISTRIBUTION, ETC.
Place of publication, distribution, etc. New York,
Name of publisher, distributor, etc. McGraw-Hill Irwin,
Date of publication, distribution, etc. 2005.
300 ## - PHYSICAL DESCRIPTION
Extent xxx,489p.:ill.;tables,pictures
Other physical details Appendix, Credits,Glossary,Index
Dimensions 27cm
700 ## - ADDED ENTRY--PERSONAL NAME
Other authors/Editors Larson,D. Kermit
700 ## - ADDED ENTRY--PERSONAL NAME
Other authors/Editors Chiappetta, Barbara
942 ## - ADDED ENTRY ELEMENTS (KOHA)
Source of classification or shelving scheme Dewey Decimal Classification
Koha item type Books
Holdings
Date last seen Total checkouts Full call number Barcode Cost, replacement price Price effective from Koha item type Lost status Source of classification or shelving scheme Damaged status Not for loan Withdrawn status Home library Current library Shelving location Date acquired Source of acquisition Cost, normal purchase price
06/11/2025   657 WIL MZA000736 150000.00 06/11/2025 Books   Dewey Decimal Classification       CBE Mwanza CBE Mwanza General Collection 07/11/2007 Library Budget 50000.00